000 00662nam a2200217 a 4500
001 50949
003 BD-RjUL
005 20211209075605.0
008 160829r19511949enk b 000 0 eng
035 _a(BD-RjUL)51069
040 _aDLC
_cF
_dDLC
_dBD-RjUL
_beng
041 _aeng
082 0 0 _a509
_223
_bLEH 1951
100 1 _aLeary, De Lacy O'
_d1872-1957.
_9152484
245 1 0 _aHow Greek science passed to the Arabs /
_cDe Lacy O' Leary
260 _aLondon :
_bRoutledge and K. Paul,
_c1949 [wimpression 1951]
300 _avi, 196 p. ;
_c23 cm.
504 _aIncludes Bibliography and Index
650 _aScience and Civilization
_9146971
942 _2ddc
_cBK
999 _c50949
_d50949